| Record ID | marc_loc_updates/v36.i24.records.utf8:10219827:783 |
| Source | Library of Congress |
| Download Link | /show-records/marc_loc_updates/v36.i24.records.utf8:10219827:783?format=raw |
LEADER: 00783nam a22002538a 4500
001 2008024322
003 DLC
005 20080616075014.0
008 080610s2009 nyu b 001 0 eng
010 $a 2008024322
020 $a9780814409947
040 $aDLC$cDLC
050 00 $aGV482.6$b.W75 2009
082 00 $a613.7/0446$222
100 1 $aWright, Vonda.
245 10 $aFitness after 40 :$bhow to stay strong at any age /$cVonda Wright with Ruth Winter.
260 $aNew York :$bAMACOM,$cc2009.
263 $a0901
300 $ap. cm.
504 $aIncludes bibliographical references and index.
650 0 $aExercise for middle-aged persons.
650 0 $aPhysical fitness for middle-aged persons.
650 0 $aMiddle-aged persons$xHealth and hygiene.
700 1 $aWinter, Ruth,$d1930-